| 000 | 00600nam a2200217 a 4500 | ||
|---|---|---|---|
| 001 | BRCA_6824 | ||
| 005 | 20190320205615.0 | ||
| 008 | 041111s1950----enka######---#000-0#eng-# | ||
| 041 | _aeng | ||
| 044 | _aenk | ||
| 050 | 4 |
_aSB409 _b.C9 _c1950 |
|
| 245 | 1 | 0 |
_aOrchids _btheir description and cultivation _cby Charles H. Curtis |
| 260 |
_aLondres _bPutnam and Company _c1950 |
||
| 300 |
_a274 p. _bil. (algunas a color), láminas. _c26 cm. |
||
| 500 | _aI157 | ||
| 504 | _aBibliografĂa: 237-254 p. | ||
| 650 | 1 | 4 |
_aOrquideas _97665 |
| 650 | 1 | 4 |
_aHorticultura _917020 |
| 902 | _aGFM | ||
| 942 |
_2lcc _cB |
||
| 999 |
_c6507 _d6507 |
||